Political parties and political development / (Record no. 1926)
[ view plain ]
| 000 -LEADER | |
|---|---|
| fixed length control field | 01033cam a22002891 4500 |
| 001 - CONTROL NUMBER | |
| control field | 1926 |
| 003 - CONTROL NUMBER IDENTIFIER | |
| rucl marc code | BD-RjUL |
| 005 - DATE AND TIME OF LATEST TRANSACTION | |
| control field | 20211208233437.0 |
| 008 - FIXED-LENGTH DATA ELEMENTS--GENERAL INFORMATION | |
| fixed length control field | 131209r19671966njua 001 0 eng |
| 035 ## - SYSTEM CONTROL NUMBER | |
| System control number | (BD-RjUL)1953 |
| 040 ## - CATALOGING SOURCE | |
| Original cataloging agency | DLC |
| Transcribing agency | DLC |
| Modifying agency | DLC |
| -- | BD-RjUL |
| Language of cataloging | eng |
| 041 ## - LANGUAGE CODE | |
| Language code of text/sound track or separate title | eng |
| 082 00 - DEWEY DECIMAL CLASSIFICATION NUMBER | |
| Classification number | 329.02 |
| Author mark and year | POL 1967 |
| 245 00 - TITLE STATEMENT | |
| Title | Political parties and political development / |
| Statement of responsibility, etc. | edited by Joseph LaPalombara and Myron Weiner. Contributors: Leonard Binder [and others]. |
| 260 ## - PUBLICATION, DISTRIBUTION, ETC. (IMPRINT) | |
| Place of publication, distribution, etc. | Princeton, N.J., |
| Name of publisher, distributor, etc. | Princeton University Press, |
| Date of publication, distribution, etc. | c1966 [Printing 1967]. |
| 300 ## - PHYSICAL DESCRIPTION | |
| Pagination | vii, 487 p. : |
| Illustrations | illus. ; |
| Size | 25 cm. |
| 504 ## - BIBLIOGRAPHY, ETC. NOTE | |
| Bibliography, etc | "A selected bibliography, prepared by Naomi E. Kies": p. 439-464. |
| Bibliography, etc | Includes index. |
| 650 #0 - SUBJECT ADDED ENTRY--TOPICAL TERM | |
| Topical term or geographic name as entry element | Political parties. |
| 9 (RLIN) | 6364 |
| Topical term or geographic name as entry element | Politics, Practical. |
| 9 (RLIN) | 6365 |
| Topical term or geographic name as entry element | Political development. |
| 9 (RLIN) | 6366 |
| 700 1# - ADDED ENTRY--PERSONAL NAME | |
| Personal name | Weiner, Myron. |
| Personal name | LaPalombara, Joseph, |
| Dates associated with a name | 1925- |
| 942 ## - ADDED ENTRY ELEMENTS (KOHA) | |
| Source of classification or shelving scheme | Dewey Decimal Classification |
| Koha item type | Books |
| Lost status | Source of classification or shelving scheme | Damaged status | Not for loan | Collection code | Permanent Location | Current Location | Shelving location | Date acquired | Source of acquisition | Cost, normal purchase price | Total Checkouts | Full call number | Date last seen | Copy number | Koha item type |
|---|---|---|---|---|---|---|---|---|---|---|---|---|---|---|---|
| Dewey Decimal Classification | Non-fiction | Central Library, University of Rajshahi | Central Library, University of Rajshahi | 28/08/1968 | Zeitlinger | 95.00 | 329.02 POL 1967 | 09/12/2013 | C-4 | Books | |||||
| Dewey Decimal Classification | Non-fiction | Central Library, University of Rajshahi | Central Library, University of Rajshahi | 28/08/1968 | zeitlinger | 95.00 | 329.02 POL 1967 | 12/12/2013 | C-3 | Books | |||||
| Dewey Decimal Classification | Non-fiction | Central Library, University of Rajshahi | Central Library, University of Rajshahi | 28/08/1968 | Zeitlinger | 95.00 | 329.02 POL 1967 | 24/12/2013 | C-5 | Books | |||||
| Dewey Decimal Classification | Non-fiction | Central Library, University of Rajshahi | Central Library, University of Rajshahi | 28/08/1968 | Zeitlinger | 95.00 | 329.02 POL 1967 | 16/04/2015 | C-2 | Books | |||||
| Dewey Decimal Classification | Not For Loan | Non-fiction | Central Library, University of Rajshahi | Central Library, University of Rajshahi | Reading Room | 28/08/1968 | Zeitlinger | 95.00 | 329.02 POL 1967 | 16/04/2015 | C-1 | Books | |||
| Dewey Decimal Classification | Non-fiction | Central Library, University of Rajshahi | Central Library, University of Rajshahi | 02/11/1968 | Zeitlinger | 45.00 | 329.02 POL 1967 | 12/06/2016 | C-6 | Books | |||||
| Dewey Decimal Classification | Non-fiction | Central Library, University of Rajshahi | Central Library, University of Rajshahi | 28/08/1968 | Zeitlinger | 95.00 | 329.02 POL 1967 | 12/06/2016 | C-7 | Books | |||||
| Dewey Decimal Classification | Non-fiction | Central Library, University of Rajshahi | Central Library, University of Rajshahi | 02/11/1968 | Zeitlinger | 95.00 | 329.02 POL 1967 | 12/06/2016 | C-8 | Books | |||||
| Dewey Decimal Classification | Non-fiction | Central Library, University of Rajshahi | Central Library, University of Rajshahi | 23/06/1970 | Zeitlinger | 95.00 | 329.02 POL 1967 | 12/06/2016 | C-9 | Books | |||||
| Dewey Decimal Classification | Non-fiction | Central Library, University of Rajshahi | Central Library, University of Rajshahi | 02/11/1968 | Zeitlinger | 95.00 | 329.02 POL 1967 | 12/06/2016 | C-10 | Books |